000
00320nam a2200121Ia 4500
005
20251222154318.0
008
251222s9999||||xx |||||||||||||| ||spa||
082
_a
REF.032/H17/T.7
100
_a
Halsey, William D.
245
0
_a
Collier's Encyclopedia:
264
_b
The Crowell-Collier Publishing Company
942
_c
LIB
999
_c
33647
_d
33647